000 00474nam a2200181Ia 4500
005 20250326141441.0
008 250326s9999 xx 000 0 und d
037 _aTextbook
040 _aFMSL
_beng
_cFMSL
041 _aeng
_2eng
084 _qFMSL
100 _aPurdum Jack
_9744490
245 4 _athe Ist book of harverd graphics.
_cPurdum Jack
260 _aHoward
_bHoward, W. sam and comp.
_c1990
300 _a305p
942 _cTB
999 _c1290368
_d1290368